Top 10 Złotej Piłki France Football 2022 - Statystyki

Ogólne statystyki
  • Ten quiz został rozwiązany 50 razy
  • Średni wynik to 7 z 10
Statystyki odpowiedzi
Miejsce Narodowość Klub Zawodnik % Poprawnych
1 Francja Real Madryt Karim Benzema
98%
4 Polska Bayern Monachium/FC Barcelona Robert Lewandowski
94%
6 Francja Paris Saint-Germain Kylian Mbappé
89%
9 Chorwacja Real Madryt Luka Modrić
77%
10 Norwegia Manchester City Erling Haaland
74%
5 Egipt Liverpool Mohamed Salah
74%
8 Brazylia Real Madryt Vinicius Jr.
72%
2 Senegal Liverpool/Bayern Monachium Sadio Mané
62%
3 Belgia Manchester City Kevin De Bruyne
60%
7 Belgia Real Madryt Thibaut Courtois
47%
Nie znaleziono quizów pasujących do podanych kryteriów
Rozkład punktacji
Procent ludzi z każdym wynikiem
Percentyl według liczby udzielonych odpowiedzi
Twoja historia wyników
Nie rozwiązałeś tego quizu